000 00609nam a2200121Ia 4500
008 220620s9999||||xx |||||||||||||| ||und||
100 _aSchwarz, Gottfried||Lorenzo, Jose||Castel, Fabien||Datcu, Mihai||Octavian Dumitru, Corneliu
245 0 _aChapter Artificial Intelligence Data Science Methodology for Earth Observation
546 _aEnglish[eng]
650 _aEarth observation, machine learning, data mining, Copernicus Programme, TerraSAR-X
856 _uhttps://library.oapen.org/bitstream/20.500.12657/49306/1/67593.pdf||https://library.oapen.org/bitstream/20.500.12657/49306/1/67593.pdf
942 _cEB
999 _c33094
_d33094